000 00392nam a22001697a 4500
003 MPLRDC
005 20220104144126.0
008 210129b ||||| |||| 00| 0 eng d
082 _a877 AMQS c.9
100 _a亚米契斯
245 _a爱的教育
_c
250 _a初版
260 _a
_b香港启明书局
_c
300 _b
650 _a意大利文学
942 _cBK
_o877 AMQS c.9
999 _c46617
_d46607